Nová stratégia cestovného ruchu vo Francúzsku

Cestovný ruch vo Francúzsku ako prioritné odvetvie národnej ekonomiky. Nová stratégia cestovného ruchu. Oblasti zamerania opatrení. Výzvy pre francúzsky cestovný ruch. Ciele stratégie cestovného ruchu a opatrenia na ich dosiahnutie.

Uložené v:
Podrobná bibliografia
Hlavný autor: Valentínyová, Andrea
Médium: Kapitola
Jazyk:Slovak
Predmet:
Tagy: Pridať tag
Žiadne tagy, Buďte prvý, kto otaguje tento záznam!

MARC

LEADER 00000naa$a2200000$$$4500
001 0007477
005 20231016071619.4
041 0 |a slo 
044 |a SK 
245 1 0 |a Nová stratégia cestovného ruchu vo Francúzsku  |c aut. Andrea Valentínyová 
520 |a Cestovný ruch vo Francúzsku ako prioritné odvetvie národnej ekonomiky. Nová stratégia cestovného ruchu. Oblasti zamerania opatrení. Výzvy pre francúzsky cestovný ruch. Ciele stratégie cestovného ruchu a opatrenia na ich dosiahnutie. 
610 2 0 |a ruch cestovný 
610 2 0 |a turistika 
610 2 0 |a Francúzsko 
610 2 0 |a politika ruchu cestovného 
610 2 0 |a rozvoj regionálny 
610 2 0 |a projekty 
100 1 |a Valentínyová, Andrea